| 000 | 01563cam a22003975a 4500 | ||
|---|---|---|---|
| 999 |
_c532597 _d532597 |
||
| 001 | 11787846 | ||
| 003 | NUST | ||
| 005 | 20191126113309.0 | ||
| 008 | 990914s2000 enka b 001 0 eng | ||
| 010 | _a 99047678 | ||
| 020 | _a0471899887 (alk. paper) | ||
| 038 | _aMSOHAIL | ||
| 040 |
_aDLC _cDLC _dDLC |
||
| 042 | _apcc | ||
| 050 | 0 | 0 |
_aGB1601.7 _b.H94 2000 |
| 082 | 0 | 0 |
_a628.161 HEI _221 |
| 245 | 0 | 0 |
_aHydrological and limnological aspects of lake monitoring / _cEdited by Pertti Heinonen, Giuliano Ziglio, André van der Beken. |
| 260 |
_aChichester ; _aNew York : _bWiley, _cc2000. |
||
| 300 |
_axix, 372 p. : _bill. (some col.) ; _c24 cm. |
||
| 440 | 0 |
_aWater quality measurements series _96303 |
|
| 500 | _aH.B | ||
| 504 | _aIncludes bibliographical references and index. | ||
| 650 | 0 |
_aLakes _xObservations. _96304 |
|
| 650 | 0 |
_aLakes _xModels. _96305 |
|
| 650 | 0 |
_aHydrologic models. _96306 |
|
| 650 | 0 |
_aLake ecology _xModels. _96307 |
|
| 650 | 0 |
_aWater quality _xMeasurement. _96132 |
|
| 700 | 1 |
_aHeinonen, Pertti. _96308 |
|
| 700 | 1 |
_aZiglio, G. _96309 |
|
| 700 | 1 |
_aBeken, André van der. _96310 |
|
| 856 | 4 | 2 |
_3Publisher description _uhttp://www.loc.gov/catdir/description/wiley035/99047678.html |
| 856 | 4 |
_3Table of Contents _uhttp://www.loc.gov/catdir/toc/onix07/99047678.html |
|
| 906 |
_a7 _bcbc _corignew _d2 _encip _f19 _gy-gencatlg |
||
| 942 |
_2ddc _cBK _kIESE |
||